000 00342nam a22001337a 4500
003 OSt
008 110524b xxu||||| |||| 00| 0 eng d
100 1 _aGiles, D.Hammond
020 _a9780853974307
041 _aeng
245 1 0 _aCatalogue of the Handstruck Postage Stamps of India
260 _aLondon
_bChristie's-Robson Lowe
300 _a224 pages
999 _c72
_d72